000 00214nam a22000857a 4500
008 170113b xxu||||| |||| 00| 0 eng d
100 _92374
_aAggarwal.M.L.
245 _aLab Mathematics-IX
260 _aNew Delhi
_bAPC
_c2007
999 _c5369
_d5369